Toán 6

Sách là tài liệu tham khảo giúp giáo viên, học sinh trung học cơ sở có thêm tư liệu để dạy và học tốt hơn bộ môn Toán học.

保存先:
書誌詳細
フォーマット: 図書
言語:Undetermined
出版事項: Hà Nội Giáo Dục 2006
主題:
タグ: タグ追加
タグなし, このレコードへの初めてのタグを付けませんか!
Thư viện lưu trữ: Trung tâm Học liệu Trường Đại học Cần Thơ
LEADER 00770nam a2200205Ia 4500
001 CTU_116255
008 210402s9999 xx 000 0 und d
020 |c 5000 
082 |a 510.712 
082 |b Ch312/T.1/L.6 
245 0 |a Toán 6 
245 0 |c Phan Đức Chính ... [et al.] 
260 |a Hà Nội 
260 |b Giáo Dục 
260 |c 2006 
520 |a Sách là tài liệu tham khảo giúp giáo viên, học sinh trung học cơ sở có thêm tư liệu để dạy và học tốt hơn bộ môn Toán học. 
650 |a Mathematics 
650 |x Study and teaching 
904 |i Tuyến sửa số pl 510.0712 thành 510.712, chưa in nhãn) 
980 |a Trung tâm Học liệu Trường Đại học Cần Thơ